000 00288nam a22001217a 4500
020 _a0-05-002458-2
082 _a004 FAI
100 _aFAIRLIE.T.H,NEIL.C.M,FLOCKHART.H.S
_978159
245 _aCOMPUTERS IN ACTION
260 _aPDF
_bOLIVER AND BOYD
_c1793
300 _a90P
942 _cBK
999 _c583321
_d583321